000 00882nam a22002777a 4500
001 7129
003 FISKH
005 20250626084524.0
008 250625b cb ||||| |||| 00| 0 eng d
020 _a9788956355061
040 _aFISKH
_beng
_cFISKH
_dFISKH
050 _aPZ7
082 _a800
100 _aSormark , Julie
245 _aThe little match girl /
_cRetold by Julie Sormark : through the Art Style of Rembrandt
260 _aSeoul :
_be-future ,
_c2010.
300 _a35 pages :
_bcolor illustrations ;
_c24 cm .
490 _aArt classic stories
505 _aK
520 _aThe wares of the poor little match girl illuminate her cold world, bringing some beauty to her brief, tragic life.
521 8 _a510
_bLexile estimate
521 8 _aK
_bRaz-Plus
700 _aChoi, Juseok
_eIllustrator
942 _2ddc
_cBK
_n0
999 _c7129
_d7129